000 00804nam a22002297a 4500
005 20240530110427.0
008 150328s2011 ua g 000 e ara d
017 _a2011/15844
_bمصر . دار الكتب المصرية
020 _a9789770930649
040 _aEG-CaGPL
082 0 4 _221
_a814.0080358\
_bأ إ
100 0 _aاسامة غريب
245 1 0 _aارهاصات موقعة الجحش /
_cاسامة غريب
250 _aط1
260 _aالقاهرة :
_bدار الشروق ،
_c2011
300 _a560 ص ؛
_c19 سم
650 0 4 _aالمقالات العربية
650 0 4 _aالمقالات السياسية
_yثورة 25 يناير
650 0 4 _aالمقالات العربية
_yثورة 25 يناير
942 _2ddc
_cBK
999 _c60781
_d60781